[Event "Campeonato España Sub 10"]
[Site "Salobreña"]
[Date "2017.07.06"]
[Round "6"]
[White "Tudela Gonzalez, Victor"]
[Black "Garijo Perez, Hugo"]
[Result "0-1"]
[Board "2"]
[WhiteClock "1:30"]
[WhiteElo "1419"]
[WhiteCountry "ESP"]
[WhiteFideId "24528030"]
[WhiteEloChange "-11"]
[BlackClock "1:30"]
[BlackElo "1392"]
[BlackCountry "ESP"]
[BlackFideId "24533033"]
[BlackEloChange "11"]

1. e4 {[%clk 1:30:00]} c5 {[%clk 1:30:00]} 2. Nc3 {[%clk 1:30:00]} e6 {[%clk
1:29:00]} 3. f4 {[%clk 1:29:00]} Nc6 {[%clk 1:29:00]} 4. Bb5 {[%clk 1:26:00]}
Nge7 {[%clk 1:28:00]} 5. Nf3 {[%clk 1:23:00]} a6 {[%clk 1:28:00]} 6. Bxc6 {[%clk
1:20:00]} Nxc6 {[%clk 1:29:00]} 7. O-O {[%clk 1:18:00]} g6 {[%clk 1:28:00]} 8. d3
{[%clk 1:14:00]} Bg7 {[%clk 1:28:00]} 9. Bd2 {[%clk 1:10:00]} O-O {[%clk
1:27:00]} 10. Qe1 {[%clk 1:05:00]} Nd4 {[%clk 1:25:00]} 11. Nxd4 {[%clk 1:02:00]}
cxd4 {[%clk 1:25:00]} 12. Ne2 {[%clk 1:01:00]} f5 {[%clk 1:24:00]} 13. e5 {[%clk
0:59:00]} Qb6 {[%clk 1:23:00]} 14. Rb1 {[%clk 0:58:00]} a5 {[%clk 1:17:00]} 15.
Rf3 {[%clk 0:53:00]} Qc5 {[%clk 1:16:00]} 16. Rc1 {[%clk 0:49:00]} b6 {[%clk
1:15:00]} 17. Rh3 {[%clk 0:47:00]} Bb7 {[%clk 1:16:00]} 18. Qh4 {[%clk 0:46:00]}
h6 {[%clk 1:16:00]} 19. Qf2 {[%clk 0:46:00]} d6 {[%clk 1:16:00]} 20. Nxd4 {[%clk
0:46:00]} dxe5 {[%clk 1:16:00]} 21. Nxe6 {[%clk 0:46:00]} Qxf2+ {[%clk 1:16:00]}
22. Kxf2 {[%clk 0:46:00]} exf4 {[%clk 1:16:00]} 23. Nxf8 {[%clk 0:46:00]} Rxf8
{[%clk 1:16:00]} 24. Bxf4 {[%clk 0:46:00]} g5 {[%clk 1:16:00]} 25. Bd6 {[%clk
0:46:00]} Bd4+ {[%clk 1:16:00]} 26. Kf1 {[%clk 0:46:00]} Rf6 {[%clk 1:16:00]} 27.
Ba3 {[%clk 0:46:00]} Bd5 {[%clk 1:16:00]} 28. b3 {[%clk 0:46:00]} f4 {[%clk
1:16:00]} 29. Rb1 {[%clk 0:46:00]} Be6 {[%clk 1:16:00]} 30. Bb2 {[%clk 0:46:00]}
Bxb2 {[%clk 1:16:00]} 31. Rxb2 {[%clk 0:46:00]} Bxh3 {[%clk 1:16:00]} 32. gxh3
{[%clk 0:46:00]} Kf7 {[%clk 1:16:00]} 33. c4 {[%clk 0:46:00]} Rd6 {[%clk
1:16:00]} 34. Ke2 {[%clk 0:46:00]} Kf6 {[%clk 1:16:00]} 35. Rd2 {[%clk 0:46:00]}
Ke5 {[%clk 1:16:00]} 36. Kd1 {[%clk 0:46:00]} f3 {[%clk 1:16:00]} 37. Kc2 {[%clk
0:46:00]} Kd4 {[%clk 1:16:00]} 38. Rd1 {[%clk 0:46:00]} Ke3 {[%clk 1:16:00]} 39.
Re1+ {[%clk 0:46:00]} Kf2 {[%clk 1:16:00]} 40. Rd1 {[%clk 0:46:00]} Kg2 {[%clk
1:16:00]} 41. Kd2 {[%clk 0:46:00]} f2 {[%clk 1:16:00]} 42. Ke2 {[%clk 0:46:00]}
Re6+ {[%clk 1:16:00]} 43. Kd2 {[%clk 0:46:00]} f1Q {[%clk 1:16:00]} 44. Rxf1
{[%clk 0:46:00]} Kxf1 {[%clk 1:16:00]} 45. d4 {[%clk 0:46:00]} Kg2 {[%clk
1:16:00]} 46. Kd3 {[%clk 0:46:00]} Kxh3 {[%clk 1:16:00]} 47. d5 {[%clk 0:46:00]}
Re8 {[%clk 1:16:00]} 48. Kd4 {[%clk 0:46:00]} Kxh2 {[%clk 1:16:00]} 49. d6 {[%clk
0:46:00]} g4 {[%clk 1:16:00]} 50. Kd5 {[%clk 0:46:00]} g3 {[%clk 1:16:00]} 51.
Kc6 {[%clk 0:46:00]} g2 {[%clk 1:16:00]} 52. d7 {[%clk 0:46:00]} Rh8 {[%clk
1:16:00]} 0-1

[Event "Campeonato España Sub 10"]
[Site "Salobreña"]
[Date "2017.07.06"]
[Round "6"]
[White "Horcajuelo Rocamora, Martin"]
[Black "Andres Iniguez, Iker"]
[Result "1/2-1/2"]
[Board "4"]
[WhiteClock "1:30"]
[WhiteElo "1421"]
[WhiteCountry "ESP"]
[WhiteFideId "24573027"]
[WhiteEloChange "7"]
[BlackClock "1:30"]
[BlackElo "1709"]
[BlackCountry "ESP"]
[BlackFideId "24580740"]
[BlackEloChange "-7"]

1. e4 {[%clk 1:30:00]} c5 {[%clk 1:30:00]} 2. Nf3 {[%clk 1:31:00]} e6 {[%clk
1:29:00]} 3. c3 {[%clk 1:31:00]} Nf6 {[%clk 1:28:00]} 4. Bd3 {[%clk 1:26:00]} Nc6
{[%clk 1:26:00]} 5. Bc2 {[%clk 1:26:00]} d6 {[%clk 1:14:00]} 6. O-O {[%clk
1:26:00]} Be7 {[%clk 1:14:00]} 7. d4 {[%clk 1:26:00]} cxd4 {[%clk 1:14:00]} 8.
cxd4 {[%clk 1:24:00]} O-O {[%clk 1:14:00]} 9. Nc3 {[%clk 1:24:00]} a6 {[%clk
1:12:00]} 10. h3 {[%clk 1:22:00]} b6 {[%clk 1:10:00]} 11. Bf4 {[%clk 1:22:00]}
Bb7 {[%clk 0:59:00]} 12. a3 {[%clk 1:20:00]} Rc8 {[%clk 0:54:00]} 13. Rc1 {[%clk
1:16:00]} Qd7 {[%clk 0:47:00]} 14. Qd3 {[%clk 1:15:00]} e5 {[%clk 0:47:00]} 15.
dxe5 {[%clk 1:15:00]} dxe5 {[%clk 0:47:00]} 16. Nxe5 {[%clk 1:15:00]} Nxe5 {[%clk
0:47:00]} 17. Bxe5 {[%clk 1:15:00]} Qxd3 {[%clk 0:47:00]} 18. Bxd3 {[%clk
1:15:00]} h6 {[%clk 0:47:00]} 19. Rfd1 {[%clk 1:15:00]} Rfd8 {[%clk 0:47:00]} 20.
f3 {[%clk 1:15:00]} Bc5+ {[%clk 0:47:00]} 21. Kh1 {[%clk 1:15:00]} Rd7 {[%clk
0:47:00]} 22. Be2 {[%clk 1:15:00]} Be3 {[%clk 0:47:00]} 23. Rc2 {[%clk 1:15:00]}
Bc6 {[%clk 0:47:00]} 24. Nd5 {[%clk 1:15:00]} Nxd5 {[%clk 0:47:00]} 25. exd5
{[%clk 1:15:00]} Bb7 {[%clk 0:47:00]} 26. Rxc8+ {[%clk 1:15:00]} Bxc8 {[%clk
0:47:00]} 27. Rd3 {[%clk 1:15:00]} Bc5 {[%clk 0:47:00]} 28. b4 {[%clk 1:15:00]}
Bd6 {[%clk 0:47:00]} 29. Bd4 {[%clk 1:15:00]} Bc7 {[%clk 0:47:00]} 30. Be3 {[%clk
1:15:00]} b5 {[%clk 0:47:00]} 31. Bc5 {[%clk 1:15:00]} Bd6 {[%clk 0:47:00]} 32.
Kg1 {[%clk 1:15:00]} Bb7 {[%clk 0:47:00]} 33. Bxd6 {[%clk 1:15:00]} Rxd6 {[%clk
0:47:00]} 34. f4 {[%clk 1:15:00]} Rxd5 {[%clk 0:47:00]} 35. Rxd5 {[%clk 1:15:00]}
Bxd5 {[%clk 0:47:00]} 36. Bf3 {[%clk 1:15:00]} Bxf3 {[%clk 0:47:00]} 37. gxf3
{[%clk 1:15:00]} f5 {[%clk 0:47:00]} 38. Kf2 {[%clk 1:15:00]} Kf7 {[%clk
0:47:00]} 39. Ke3 {[%clk 1:15:00]} Ke6 {[%clk 0:47:00]} 40. h4 {[%clk 1:15:00]}
h5 {[%clk 0:47:00]} 41. Kd3 {[%clk 1:15:00]} Kd5 {[%clk 0:47:00]} 42. Kc3 {[%clk
1:15:00]} Kc6 {[%clk 0:47:00]} 43. Kd4 {[%clk 1:15:00]} Kd6 {[%clk 0:47:00]} 44.
Ke3 {[%clk 1:15:00]} Kd5 {[%clk 0:47:00]} 45. Kd3 {[%clk 1:15:00]} g6 {[%clk
0:47:00]} 46. Kc3 {[%clk 1:15:00]} Kc6 {[%clk 0:47:00]} 47. Kd3 {[%clk 1:15:00]}
Kd5 {[%clk 0:47:00]} 48. Kc3 {[%clk 1:15:00]} Kc6 {[%clk 0:47:00]} 49. Kd4 {[%clk
1:15:00]} Kd6 {[%clk 0:47:00]} 50. Kd3 {[%clk 1:15:00]} Kd5 {[%clk 0:47:00]} 51.
Kc3 {[%clk 1:15:00]} Kc6 {[%clk 0:47:00]} 1/2-1/2

[Event "Campeonato España Sub 10"]
[Site "Salobreña"]
[Date "2017.07.06"]
[Round "6"]
[White "Ivorra Ivorra, Angela"]
[Black "Habans Aguerrea, Javier"]
[Result "0-1"]
[Board "5"]
[WhiteClock "n/a"]
[WhiteElo "1280"]
[WhiteCountry "ESP"]
[WhiteFideId "24555886"]
[WhiteEloChange "-2"]
[BlackClock "n/a"]
[BlackElo "1676"]
[BlackCountry "ESP"]
[BlackFideId "24524689"]
[BlackEloChange "2"]

1. d4 {[%clk 1:30:30]} Nf6 {[%clk 1:30:30]} 2. c4 {[%clk 1:30:30]} c5 {[%clk
1:30:30]} 3. d5 {[%clk 1:30:30]} b5 {[%clk 1:30:30]} 4. cxb5 {[%clk 1:30:30]} a6
{[%clk 1:30:30]} 5. b6 {[%clk 1:30:30]} Qxb6 {[%clk 1:30:30]} 6. Nc3 {[%clk
1:30:30]} g6 {[%clk 1:30:30]} 7. e4 {[%clk 1:30:30]} d6 {[%clk 1:30:30]} 8. Be2
{[%clk 1:30:30]} Bg7 {[%clk 1:30:30]} 9. Nf3 {[%clk 1:30:30]} Bg4 {[%clk
1:30:30]} 10. e5 {[%clk 1:30:30]} Nfd7 {[%clk 1:30:30]} 11. exd6 {[%clk 1:30:30]}
exd6 {[%clk 1:30:30]} 12. Ng5 {[%clk 1:30:30]} Bxe2 {[%clk 1:30:30]} 13. Qxe2+
{[%clk 1:30:30]} Kf8 {[%clk 1:30:30]} 14. O-O {[%clk 1:30:30]} Nf6 {[%clk
1:30:30]} 15. Re1 {[%clk 1:30:30]} Qd8 {[%clk 1:30:30]} 16. Nce4 {[%clk 1:30:30]}
h6 {[%clk 1:30:30]} 17. Nxf6 {[%clk 1:30:30]} Bxf6 {[%clk 1:30:30]} 18. Ne4
{[%clk 1:30:30]} Kg7 {[%clk 1:30:30]} 19. Nxf6 {[%clk 1:30:30]} Qxf6 {[%clk
1:30:30]} 20. b3 {[%clk 1:30:30]} Nd7 {[%clk 1:30:30]} 21. Bb2 {[%clk 1:30:30]}
Ne5 {[%clk 1:30:30]} 22. f4 {[%clk 1:30:30]} Qxf4 {[%clk 1:30:30]} 23. Rf1 {[%clk
1:30:30]} Qg5 {[%clk 1:30:30]} 24. Qf3 {[%clk 1:30:30]} f5 {[%clk 1:30:30]} 25.
Rae1 {[%clk 1:30:30]} Rhe8 {[%clk 1:30:30]} 26. Bxe5+ {[%clk 1:30:30]} dxe5
{[%clk 1:30:30]} 27. Qc3 {[%clk 1:30:30]} Qe7 {[%clk 1:30:30]} 28. Rf3 {[%clk
1:30:30]} Kh7 {[%clk 1:30:30]} 29. Rfe3 {[%clk 1:30:30]} e4 {[%clk 1:30:30]} 30.
Rd1 {[%clk 1:30:30]} Qd6 {[%clk 1:30:30]} 31. Rh3 {[%clk 1:30:30]} g5 {[%clk
1:30:30]} 32. Qe3 {[%clk 1:30:30]} f4 {[%clk 1:30:30]} 33. Qe2 {[%clk 1:30:30]}
Re5 {[%clk 1:30:30]} 34. Qh5 {[%clk 1:30:30]} Rf8 {[%clk 1:30:30]} 35. Qg4 {[%clk
1:30:30]} Rxd5 {[%clk 1:30:30]} 36. Rxd5 {[%clk 1:30:30]} Qxd5 {[%clk 1:30:30]}
37. Qh5 {[%clk 1:30:30]} Rf6 {[%clk 1:30:30]} 38. Qe8 {[%clk 1:30:30]} Qd1+
{[%clk 1:30:30]} 39. Kf2 {[%clk 1:30:30]} e3+ {[%clk 1:30:30]} 0-1

[Event "Campeonato España Sub 10"]
[Site "Salobreña"]
[Date "2017.07.06"]
[Round "6"]
[White "Bellver Gorshenin, Maxim"]
[Black "Rodriguez Lopez, Sergio"]
[Result "1/2-1/2"]
[Board "6"]
[WhiteClock "1:30"]
[WhiteElo "1595"]
[WhiteCountry "ESP"]
[WhiteFideId "24538671"]
[WhiteEloChange "-6"]
[BlackClock "1:30"]
[BlackElo "1376"]
[BlackCountry "ESP"]
[BlackFideId "24504777"]
[BlackEloChange "6"]

1. e4 {[%clk 1:30:00]} e5 {[%clk 1:30:00]} 2. Nf3 {[%clk 1:31:00]} Nf6 {[%clk
1:31:00]} 3. Nxe5 {[%clk 1:31:00]} d6 {[%clk 1:31:00]} 4. Nd3 {[%clk 1:30:00]}
Nxe4 {[%clk 1:31:00]} 5. Nc3 {[%clk 1:30:00]} Qe7 {[%clk 1:30:00]} 6. Be2 {[%clk
1:21:00]} Nxc3 {[%clk 1:30:00]} 7. dxc3 {[%clk 1:21:00]} Be6 {[%clk 1:30:00]} 8.
Be3 {[%clk 1:20:00]} Nc6 {[%clk 1:30:00]} 9. Nf4 {[%clk 1:11:00]} O-O-O {[%clk
1:29:00]} 10. Nxe6 {[%clk 1:10:00]} fxe6 {[%clk 1:30:00]} 11. Qd2 {[%clk
1:10:00]} h6 {[%clk 1:30:00]} 12. Bf3 {[%clk 1:08:00]} d5 {[%clk 1:30:00]} 13.
O-O-O {[%clk 1:07:00]} Kb8 {[%clk 1:27:00]} 14. Rhe1 {[%clk 1:05:00]} g5 {[%clk
1:27:00]} 15. Bd4 {[%clk 0:56:00]} e5 {[%clk 1:21:00]} 16. Be3 {[%clk 0:49:00]}
e4 {[%clk 1:14:00]} 17. Bg4 {[%clk 0:48:00]} Bg7 {[%clk 1:13:00]} 18. Bd4 {[%clk
0:14:57]} Nxd4 {[%clk 0:54:00]} 19. cxd4 {[%clk 0:14:57]} h5 {[%clk 0:55:00]} 20.
Be2 {[%clk 0:14:49]} g4 {[%clk 0:55:00]} 21. Kb1 {[%clk 0:14:37]} Qf6 {[%clk
0:55:00]} 22. Rf1 {[%clk 0:14:21]} c5 {[%clk 0:55:00]} 23. c3 {[%clk 0:14:35]}
Qf5 {[%clk 0:55:00]} 24. Ka1 {[%clk 0:14:26]} Bh6 {[%clk 0:55:00]} 25. Qc2 {[%clk
0:14:13]} Rc8 {[%clk 0:55:00]} 26. f3 {[%clk 0:13:58]} gxf3 {[%clk 0:55:00]} 27.
gxf3 {[%clk 0:13:58]} cxd4 {[%clk 0:55:00]} 28. Rxd4 {[%clk 0:13:58]} Qe5 {[%clk
0:55:00]} 29. Rfd1 {[%clk 0:13:58]} Qxh2 {[%clk 0:55:00]} 30. fxe4 {[%clk
0:13:58]} dxe4 {[%clk 0:55:00]} 31. Rxe4 {[%clk 0:13:58]} Rhe8 {[%clk 0:55:00]}
32. Rxe8 {[%clk 0:13:58]} Rxe8 {[%clk 0:55:00]} 33. Bd3 {[%clk 0:13:58]} Qxc2
{[%clk 0:55:00]} 34. Bxc2 {[%clk 0:13:58]} Re2 {[%clk 0:55:00]} 35. Bf5 {[%clk
0:13:58]} h4 {[%clk 0:55:00]} 36. Rd8+ {[%clk 0:13:58]} Kc7 {[%clk 0:55:00]} 37.
Rd7+ {[%clk 0:13:58]} Kc6 {[%clk 0:55:00]} 38. Rh7 {[%clk 0:13:58]} Bg5 {[%clk
0:55:00]} 39. Rh5 {[%clk 0:13:58]} Be7 {[%clk 0:55:00]} 40. a3 {[%clk 0:13:58]}
Kd6 {[%clk 0:55:00]} 41. Kb1 {[%clk 0:13:58]} Re5 {[%clk 0:55:00]} 42. Rh6+
{[%clk 0:13:58]} Kd5 {[%clk 0:55:00]} 43. Bh3 {[%clk 0:13:58]} Kc4 {[%clk
0:55:00]} 44. Be6+ {[%clk 0:13:58]} Kd3 {[%clk 0:55:00]} 45. Bb3 {[%clk 0:13:58]}
Re1+ {[%clk 0:55:00]} 46. Ka2 {[%clk 0:13:58]} Rh1 {[%clk 0:55:00]} 47. Re6
{[%clk 0:13:58]} Bc5 {[%clk 0:55:00]} 48. Bd5 {[%clk 0:13:58]} Rh2 {[%clk
0:55:00]} 49. Bxb7 {[%clk 0:13:58]} Bf8 {[%clk 0:55:00]} 50. Ba6+ {[%clk
0:13:58]} Kc2 {[%clk 0:55:00]} 51. Re5 {[%clk 0:13:58]} Bg7 {[%clk 0:55:00]} 52.
Re3 {[%clk 0:13:58]} Bh6 {[%clk 0:55:00]} 53. Re4 {[%clk 0:13:58]} Bd2 {[%clk
0:55:00]} 54. Re2 {[%clk 0:13:58]} Rh3 {[%clk 0:55:00]} 55. Bc8 {[%clk 0:13:58]}
Rf3 {[%clk 0:55:00]} 56. Rh2 {[%clk 0:13:58]} Rf4 {[%clk 0:55:00]} 57. Ba6 {[%clk
0:13:58]} Re4 {[%clk 0:55:00]} 58. Rh3 {[%clk 0:13:58]} Be3 {[%clk 0:55:00]} 59.
Rh2+ {[%clk 0:13:58]} Bd2 {[%clk 0:55:00]} 60. Bc8 {[%clk 0:13:58]} Rf4 {[%clk
0:55:00]} 1/2-1/2

[Event "Campeonato España Sub 10"]
[Site "Salobreña"]
[Date "2017.07.06"]
[Round "6"]
[White "Villagordo Espinosa, Carlos"]
[Black "Riezu Resano, Javier"]
[Result "1-0"]
[Board "8"]
[WhiteClock "1:30"]
[WhiteElo "1527"]
[WhiteCountry "ESP"]
[WhiteFideId "24528943"]
[WhiteEloChange "3"]
[BlackClock "1:30"]
[BlackElo "1201"]
[BlackCountry "ESP"]
[BlackFideId "24543551"]
[BlackEloChange "-3"]

1. Nf3 {[%clk 1:30:00]} d5 {[%clk 1:30:00]} 2. c4 {[%clk 1:31:00]} e6 {[%clk
1:31:00]} 3. Qc2 {[%clk 1:31:00]} c6 {[%clk 1:31:00]} 4. g3 {[%clk 1:31:00]} Bd6
{[%clk 1:31:00]} 5. c5 {[%clk 1:31:00]} Bc7 {[%clk 1:31:00]} 6. Bg2 {[%clk
1:31:00]} Nf6 {[%clk 1:31:00]} 7. d4 {[%clk 1:31:00]} Nbd7 {[%clk 1:31:00]} 8.
Bg5 {[%clk 1:29:00]} e5 {[%clk 1:27:00]} 9. dxe5 {[%clk 1:29:00]} Nxe5 {[%clk
1:27:00]} 10. Nxe5 {[%clk 1:22:00]} Bxe5 {[%clk 1:26:00]} 11. Nd2 {[%clk
1:21:00]} Qe7 {[%clk 1:24:00]} 12. Nf3 {[%clk 1:20:00]} Bc7 {[%clk 1:24:00]} 13.
O-O {[%clk 1:20:00]} O-O {[%clk 1:25:00]} 14. Rfe1 {[%clk 1:20:00]} Re8 {[%clk
1:25:00]} 15. Nd4 {[%clk 1:19:00]} Qe5 {[%clk 1:22:00]} 16. Nf3 {[%clk 1:18:00]}
Qe4 {[%clk 1:17:00]} 17. Qxe4 {[%clk 1:17:00]} Nxe4 {[%clk 1:15:00]} 18. Be3
{[%clk 1:16:00]} Bg4 {[%clk 1:14:00]} 19. h3 {[%clk 1:12:00]} Bh5 {[%clk
1:14:00]} 20. g4 {[%clk 1:12:00]} Bg6 {[%clk 1:14:00]} 21. Nh4 {[%clk 1:12:00]}
Re7 {[%clk 1:14:00]} 22. Nxg6 {[%clk 1:12:00]} fxg6 {[%clk 1:14:00]} 23. a4
{[%clk 1:10:00]} Be5 {[%clk 1:08:00]} 24. Rab1 {[%clk 1:10:00]} d4 {[%clk
1:06:00]} 25. Bxe4 {[%clk 1:04:00]} dxe3 {[%clk 1:07:00]} 26. f3 {[%clk 1:04:00]}
Rd8 {[%clk 1:07:00]} 27. Bd3 {[%clk 1:03:00]} Rd5 {[%clk 1:06:00]} 28. Bc4 {[%clk
1:03:00]} Rd7 {[%clk 1:06:00]} 29. Red1 {[%clk 1:03:00]} Kf8 {[%clk 1:06:00]} 30.
Bxd5 {[%clk 1:03:00]} Rxd5 {[%clk 1:06:00]} 31. Rxd5 {[%clk 1:03:00]} cxd5 {[%clk
1:06:00]} 32. b4 {[%clk 1:03:00]} Ke7 {[%clk 1:06:00]} 33. Rd1 {[%clk 1:03:00]}
Ke6 {[%clk 1:06:00]} 34. Rd3 {[%clk 1:03:00]} Bf4 {[%clk 1:06:00]} 35. b5 {[%clk
1:03:00]} b6 {[%clk 1:06:00]} 36. c6 {[%clk 1:03:00]} Kd6 {[%clk 1:06:00]} 37.
Rc3 {[%clk 1:03:00]} Kc7 {[%clk 1:06:00]} 38. Rd3 {[%clk 1:03:00]} Kd6 {[%clk
1:06:00]} 39. Kg2 {[%clk 1:03:00]} Kc5 {[%clk 1:06:00]} 40. Rc3+ {[%clk 1:03:00]}
Kd4 {[%clk 1:06:00]} 41. c7 {[%clk 1:03:00]} 1-0

[Event "Campeonato España Sub 10"]
[Site "Salobreña"]
[Date "2017.07.06"]
[Round "6"]
[White "Del Prado Rodriguez, Xulio"]
[Black "Serrano Almendros, Angel"]
[Result "1-0"]
[Board "9"]
[WhiteClock "1:30"]
[WhiteElo "1444"]
[WhiteCountry "ESP"]
[WhiteFideId "24544418"]
[WhiteEloChange "5"]
[BlackClock "1:30"]
[BlackElo "1269"]
[BlackCountry "ESP"]
[BlackFideId "24561584"]
[BlackEloChange "-5"]

1. d4 {[%clk 1:30:00]} d5 {[%clk 1:30:00]} 2. c4 {[%clk 1:31:00]} e6 {[%clk
1:31:00]} 3. Nf3 {[%clk 1:31:00]} Nf6 {[%clk 1:31:00]} 4. e3 {[%clk 1:31:00]} c6
{[%clk 1:31:00]} 5. Nc3 {[%clk 1:32:00]} Bd6 {[%clk 1:31:00]} 6. b3 {[%clk
1:32:00]} Nbd7 {[%clk 1:31:00]} 7. Bd3 {[%clk 1:32:00]} O-O {[%clk 1:31:00]} 8.
O-O {[%clk 1:33:00]} b6 {[%clk 1:31:00]} 9. e4 {[%clk 1:33:00]} Bb4 {[%clk
1:30:00]} 10. e5 {[%clk 1:26:00]} Bxc3 {[%clk 1:27:00]} 11. exf6 {[%clk 1:26:00]}
Qxf6 {[%clk 1:26:00]} 12. Bg5 {[%clk 1:27:00]} Bxa1 {[%clk 1:26:00]} 13. Bxf6
{[%clk 1:27:00]} Nxf6 {[%clk 1:26:00]} 14. Qxa1 {[%clk 1:27:00]} Bb7 {[%clk
1:26:00]} 15. Qc1 {[%clk 1:27:00]} Rac8 {[%clk 1:26:00]} 16. c5 {[%clk 1:27:00]}
Nd7 {[%clk 1:25:00]} 17. b4 {[%clk 1:27:00]} Nb8 {[%clk 1:24:00]} 18. Qg5 {[%clk
1:27:00]} Ba6 {[%clk 1:24:00]} 19. Bxa6 {[%clk 1:27:00]} Nxa6 {[%clk 1:24:00]}
20. a3 {[%clk 1:27:00]} Rb8 {[%clk 1:24:00]} 21. Qe7 {[%clk 1:27:00]} Ra8 {[%clk
1:24:00]} 22. Qb7 {[%clk 1:27:00]} Rfc8 {[%clk 1:16:00]} 23. Qxa6 {[%clk
1:27:00]} b5 {[%clk 1:16:00]} 24. a4 {[%clk 1:28:00]} bxa4 {[%clk 1:14:00]} 25.
Qxa4 {[%clk 1:28:00]} Rab8 {[%clk 1:15:00]} 26. Ne5 {[%clk 1:28:00]} Rc7 {[%clk
1:15:00]} 27. Nxc6 {[%clk 1:28:00]} Rbc8 {[%clk 1:15:00]} 28. Ne5 {[%clk
1:28:00]} f6 {[%clk 1:15:00]} 29. Nd3 {[%clk 1:28:00]} Re7 {[%clk 1:16:00]} 30.
f4 {[%clk 1:28:00]} h6 {[%clk 1:16:00]} 31. Re1 {[%clk 1:28:00]} Rce8 {[%clk
1:16:00]} 32. c6 {[%clk 1:29:00]} Rc8 {[%clk 1:16:00]} 33. f5 {[%clk 1:29:00]}
Kf7 {[%clk 1:17:00]} 34. fxe6+ {[%clk 1:29:00]} Rxe6 {[%clk 1:17:00]} 35. Qxa7+
{[%clk 1:30:00]} Kg8 {[%clk 1:17:00]} 36. Rxe6 {[%clk 1:30:00]} Rf8 {[%clk
1:17:00]} 37. c7 {[%clk 1:30:00]} Rc8 {[%clk 1:18:00]} 38. Qb8 {[%clk 1:30:00]}
Rxb8 {[%clk 1:18:00]} 39. cxb8Q+ {[%clk 1:31:00]} Kh7 {[%clk 1:19:00]} 40. Qe8
{[%clk 1:31:00]} f5 {[%clk 1:19:00]} 41. Qg6+ {[%clk 1:31:00]} Kg8 {[%clk
1:19:00]} 42. Re8# {[%clk 1:31:00]} 1-0

[Event "Campeonato España Sub 10"]
[Site "Salobreña"]
[Date "2017.07.06"]
[Round "6"]
[White "Santos Usua, Mikel"]
[Black "Fernandez Rosado, Roberto"]
[Result "0-1"]
[Board "10"]
[WhiteClock "1:30"]
[WhiteElo "1256"]
[WhiteCountry "ESP"]
[WhiteFideId "24580910"]
[WhiteEloChange "-5"]
[BlackClock "1:30"]
[BlackElo "1436"]
[BlackCountry "ESP"]
[BlackFideId "24594016"]
[BlackEloChange "5"]

1. e4 {[%clk 1:30:00]} e5 {[%clk 1:30:00]} 2. Nf3 {[%clk 1:31:00]} Nc6 {[%clk
1:31:00]} 3. Bc4 {[%clk 1:31:00]} Nf6 {[%clk 1:31:00]} 4. d3 {[%clk 1:31:00]} Be7
{[%clk 1:31:00]} 5. Nc3 {[%clk 1:31:00]} d6 {[%clk 1:31:00]} 6. h3 {[%clk
1:31:00]} h6 {[%clk 1:32:00]} 7. Be3 {[%clk 1:30:00]} Be6 {[%clk 1:31:00]} 8. Bb3
{[%clk 1:30:00]} Qd7 {[%clk 1:31:00]} 9. Qd2 {[%clk 1:29:00]} a6 {[%clk 1:30:00]}
10. O-O-O {[%clk 1:27:00]} O-O-O {[%clk 1:29:00]} 11. Nd5 {[%clk 1:24:00]} Rde8
{[%clk 1:24:00]} 12. Rhe1 {[%clk 1:18:00]} Bxd5 {[%clk 1:23:00]} 13. exd5 {[%clk
1:19:00]} Nd8 {[%clk 1:23:00]} 14. d4 {[%clk 1:18:00]} e4 {[%clk 1:23:00]} 15.
Nh2 {[%clk 1:17:00]} Nh7 {[%clk 1:20:00]} 16. f3 {[%clk 1:17:00]} Ng5 {[%clk
1:19:00]} 17. Bxg5 {[%clk 1:17:00]} Bxg5 {[%clk 1:20:00]} 18. f4 {[%clk 1:16:00]}
0-1

[Event "Campeonato España Sub 10"]
[Site "Salobreña"]
[Date "2017.07.06"]
[Round "6"]
[White "Ermachenko, Manuel"]
[Black "Otero Campos, Sofia"]
[Result "1/2-1/2"]
[Board "11"]
[WhiteClock "n/a"]
[WhiteElo "1678"]
[WhiteCountry "ESP"]
[WhiteFideId "24560952"]
[WhiteEloChange "-8"]
[BlackClock "n/a"]
[BlackElo "1053"]
[BlackCountry "ESP"]
[BlackFideId "24560120"]
[BlackEloChange "8"]

1. e4 {[%clk 1:30:30]} e5 {[%clk 1:30:30]} 2. Nf3 {[%clk 1:30:30]} Nc6 {[%clk
1:30:30]} 3. Bb5 {[%clk 1:30:30]} f5 {[%clk 1:30:30]} 4. d3 {[%clk 1:30:30]} fxe4
{[%clk 1:30:30]} 5. dxe4 {[%clk 1:30:30]} d6 {[%clk 1:30:30]} 6. O-O {[%clk
1:30:30]} Nf6 {[%clk 1:30:30]} 7. Nc3 {[%clk 1:30:30]} Be6 {[%clk 1:30:30]} 8.
Ng5 {[%clk 1:30:30]} Qd7 {[%clk 1:30:30]} 9. Nd5 {[%clk 1:30:30]} O-O-O {[%clk
1:30:30]} 10. Nb4 {[%clk 1:30:30]} Re8 {[%clk 1:30:30]} 11. Nxe6 {[%clk 1:30:30]}
Rxe6 {[%clk 1:30:30]} 12. Qd3 {[%clk 1:30:30]} Re7 {[%clk 1:30:30]} 13. Bxc6
{[%clk 1:30:30]} bxc6 {[%clk 1:30:30]} 14. Qa6+ {[%clk 1:30:30]} Kd8 {[%clk
1:30:30]} 15. Nxc6+ {[%clk 1:30:30]} Ke8 {[%clk 1:30:30]} 16. Nxe7 {[%clk
1:30:30]} Kxe7 {[%clk 1:30:30]} 17. Bg5 {[%clk 1:30:30]} h5 {[%clk 1:30:30]} 18.
Qxa7 {[%clk 1:30:30]} h4 {[%clk 1:30:30]} 19. h3 {[%clk 1:30:30]} Ke8 {[%clk
1:30:30]} 20. Qe3 {[%clk 1:30:30]} Ng4 {[%clk 1:30:30]} 21. hxg4 {[%clk 1:30:30]}
Qxg4 {[%clk 1:30:30]} 22. a4 {[%clk 1:30:30]} Rh5 {[%clk 1:30:30]} 23. f4 {[%clk
1:30:30]} h3 {[%clk 1:30:30]} 24. Qf2 {[%clk 1:30:30]} d5 {[%clk 1:30:30]} 25.
Qf3 {[%clk 1:30:30]} Bc5+ {[%clk 1:30:30]} 26. Rf2 {[%clk 1:30:30]} Qxf3 {[%clk
1:30:30]} 27. gxf3 {[%clk 1:30:30]} h2+ {[%clk 1:30:30]} 28. Kh1 {[%clk 1:30:30]}
Bxf2 {[%clk 1:30:30]} 29. a5 {[%clk 1:30:30]} Kd7 {[%clk 1:30:30]} 30. a6 {[%clk
1:30:30]} Ba7 {[%clk 1:30:30]} 31. exd5 {[%clk 1:30:30]} c6 {[%clk 1:30:30]} 32.
dxc6+ {[%clk 1:30:30]} Kxc6 {[%clk 1:30:30]} 33. c3 {[%clk 1:30:30]} Kc5 {[%clk
1:30:30]} 34. b3 {[%clk 1:30:30]} Kb5 {[%clk 1:30:30]} 35. Ra2 {[%clk 1:30:30]}
exf4 {[%clk 1:30:30]} 36. Bxf4 {[%clk 1:30:30]} Rf5 {[%clk 1:30:30]} 37. Bxh2
{[%clk 1:30:30]} Rxf3 {[%clk 1:30:30]} 38. Be5 {[%clk 1:30:30]} g5 {[%clk
1:30:30]} 39. Kg2 {[%clk 1:30:30]} Re3 {[%clk 1:30:30]} 40. Bd4 {[%clk 1:30:30]}
Bxd4 {[%clk 1:30:30]} 41. cxd4 {[%clk 1:30:30]} Re8 {[%clk 1:30:30]} 42. a7
{[%clk 1:30:30]} Ra8 {[%clk 1:30:30]} 43. Kg3 {[%clk 1:30:30]} Kb4 {[%clk
1:30:30]} 44. Kg4 {[%clk 1:30:30]} Kxb3 {[%clk 1:30:30]} 45. Ra6 {[%clk 1:30:30]}
Kc4 {[%clk 1:30:30]} 46. Rd6 {[%clk 1:30:30]} Rxa7 {[%clk 1:30:30]} 47. Kxg5
{[%clk 1:30:30]} Rf7 {[%clk 1:30:30]} 48. Rd8 {[%clk 1:30:30]} Rg7+ {[%clk
1:30:30]} 49. Kf6 {[%clk 1:30:30]} Rg1 {[%clk 1:30:30]} 50. Rd6 {[%clk 1:30:30]}
Rf1+ {[%clk 1:30:30]} 51. Ke5 {[%clk 1:30:30]} Re1+ {[%clk 1:30:30]} 52. Kf4
{[%clk 1:30:30]} Rf1+ {[%clk 1:30:30]} 53. Ke4 {[%clk 1:30:30]} Re1+ {[%clk
1:30:30]} 54. Kf3 {[%clk 1:30:30]} Re8 {[%clk 1:30:30]} 55. Rd7 {[%clk 1:30:30]}
Re1 {[%clk 1:30:30]} 56. d5 {[%clk 1:30:30]} Re5 {[%clk 1:30:30]} 57. d6 {[%clk
1:30:30]} Re8 {[%clk 1:30:30]} 58. Kf4 {[%clk 1:30:30]} Kc5 {[%clk 1:30:30]}
1/2-1/2